WWE United States Champions - Statistics

General Stats
  • This quiz has been taken 1,014 times
    691 since last reset
  • The average score is 32 of 52
Answer Stats
Answer % Correct
3 John Cena
94%
5 John Cena
94%
7 John Cena
94%
39 John Cena
94%
41 John Cena
94%
47 Roman reigns
80%
40 Seth Rollins
80%
23 The Miz
80%
26 The Miz
80%
36 Dean Ambrose
78%
2 Big Show
74%
49 Kevin Owens
71%
51 Kevin Owens
71%
30 Dolph Ziggler
70%
48 Chris Jericho
69%
50 Chris Jericho
69%
22 Kofi Kingston
69%
29 Kofi Kingston
69%
35 Kofi Kingston
69%
19 Matt Hardy
66%
28 Sheamus
66%
37 Sheamus
66%
38 Rusev
65%
46 Rusev
65%
52 AJ Styles
62%
42 Alberto Del Rio
62%
44 Alberto Del Rio
62%
13 JBL
62%
9 Chris Benoit
61%
12 Chris Benoit
61%
17 Chris Benoit
61%
18 MVP
61%
21 MVP
61%
27 Daniel Bryan
59%
1 Eddie Guerrero
59%
14 Bobby Lashley
53%
32 Jack Swagger
53%
6 Carlito
52%
34 Cesaro
52%
4 Booker T
51%
10 Booker T
51%
11 Booker T
51%
20 Shelton Benjamin
45%
43 Kalisto
43%
45 Kalisto
43%
25 R-Truth
42%
31 Zack Ryder
40%
8 Orlando Jordan
39%
33 Santino Marella
38%
24 Bret Hart
35%
15 Finlay
28%
16 Mr. Kennedy
28%
No matching quizzes found
Score Distribution
Percent of People with Each Score
Percentile by Number Answered
Your Score History
You have not taken this quiz since the last reset